00275nam a2200121Ia 4500008004100000020000900041041000800050082001700058100002100075245001300096260003800109520000600147221007s9999 xx 000 0 und d a1645 aeng a005.133bKOC aKoch G & Loney K aOracle 8 c1998bTata Mcgraw HillaNew Delhi a2